00592 2200169 4500001002100000005001500021035002000036007000300056008003900059082000700098084001300105100001400118245019800132260004600330650003100376990001500407INLIS00000000000988120260413123712 a0010-0426000187ta260413 | | |  a11 a11 SAI a0 aSAIHASBAH1 aANALISA PENGGUNAAN APLIKASI SISTEM INFORMASI MANAJEMEN BARANG DAERAH (SIMBADA) PADA UNIT INSTANSI BADAN KEPEGAWAIAN DAN PENGEMBANGAN SUMBER DAYA MANUSIA (BKPSDM) KABUPATEN KATINGAN /cSAIHASBAH aPALANGKA RAYA :bPERPUSTAKAAN UMPR,c2026 4aSISTEM INFORMASI MANAJEMEN a2311228712